000 01200nam a2200217Ia 4500
003 Ost
005 20260507075406.0
008 260507s9999||||xx |||||||||||||| ||und||
020 _a78209957978
040 _cfsecg
041 _aara
082 _a330
100 _aعباس، حسين وليد حسين
_eمؤلف
245 0 _aإستراتيجية إدارة الموارد البشرية :
_bالمداخل الحديث لإستدامة الميزة التنافسية /
_c حسين وليد حسين عباس
260 _aعمان:
_bدار الحامد للنشر والتوزيع,
_c2015
300 _a165 صفحة؛
_c25 سم
520 _aمدخل مفاهيمي لإدارة الموارد البشرية، استراتيجية ادارة الموارد البشرية، صياغة استراتيجية ادراة الموارد البشرية، تنفيذ استراتيجية ادارة البشرية، رقابة وتقييم استراتيجية إدراة الموارد البشرية، الميزة التنافسية المستدامة
653 _aإدارة - الموارد البشرية، المنافسة
653 _aإدارة الأفراد
942 _cكتاب
999 _c44302
_d44302